000 00799nam a2200205 a 4500
003 0
005 20250317095535.0
008 080924s19uu xx 00 eng d
050 _aPHS QR 177
_b.B35 2008
100 _aBernardo, Samuel John.
245 _aExtraction methods and varying concentrations of avocado (Persea americana) extract on Staphylococus aureus /
_cSamuel John Bernardo.
260 _aLas PiƱas City, Philippines :
_bSouthville International School and Colleges,
_c2008.
300 _a26 pages :
_billustrations ;
_c28 cm.
504 _aIncludes bibliographical references.
650 _aAvocado
_xTherapeutic use.
650 _aPlant extracts
_xTherapeutic use.
650 _aMicrobiology
_xExperiments.
650 _aStaphylococcus aureus
_xEffect of drugs.
942 _2lcc
_cPASS
999 _c98102
_d98102